Normal view MARC view
  • Khattak, Irfan Ullaha

Entry Personal Name

Number of records used in: 1

001 - CONTROL NUMBER

  • control field: 14531

003 - CONTROL NUMBER IDENTIFIER

  • control field: NUST

005 - DATE AND TIME OF LATEST TRANSACTION

  • control field: 20190524053323.0

008 - FIXED-LENGTH DATA ELEMENTS

  • fixed length control field: 190524|| aca||aabn | a|a d

040 ## - CATALOGING SOURCE

  • Original cataloging agency: NUST
  • Transcribing agency: NUST

100 ## - HEADING--PERSONAL NAME

  • Personal name: Khattak, Irfan Ullaha

670 ## - SOURCE DATA FOUND

  • Source citation: Work cat.: (NUST): Khattak, Irfan Ullaha, Syed Zamir Jafari: Shaksiyat Aur Fan /, 2017.
© 2023 Central Library, National University of Sciences and Technology. All Rights Reserved.